Catálogo público

Diplomado en manejo de vida silvestre. Conservación y manejo de vertebrados del norte árido y semiárido de México / editado por Óscar Sánchez y Ella Vázquez-Domínguez (Record no. 217054)

MARC details
000 -CABECERA
campo de control de longitud fija 00851nam a2200229Ia 4500
001 - NÚMERO DE CONTROL
campo de control Z_6078
008 - DATOS DE LONGITUD FIJA--INFORMACIÓN GENERAL
campo de control de longitud fija 220601s9999 xx 000 0 und d
020 ## - NÚMERO INTERNACIONAL ESTÁNDAR DEL LIBRO
Número Internacional Estándar del Libro 970-9000-12-8
082 ## - NÚMERO DE LA CLASIFICACIÓN DECIMAL DEWEY
Número de clasificación 591.972 D57
245 ## - MENCIÓN DE TÍTULO
Título Diplomado en manejo de vida silvestre. Conservación y manejo de vertebrados del norte árido y semiárido de México / editado por Óscar Sánchez y Ella Vázquez-Domínguez
260 ## - PUBLICACIÓN, DISTRIBUCIÓN, ETC.
Lugar de publicación, distribución, etc. México : CONABIO: INE-SEMARNAP
300 ## - DESCRIPCIÓN FÍSICA
Extensión 247 p.
503 ## - NOTA DE HISTORIA BIBLIOGRÁFICA (BK CF MU) [OBSOLETO]
Nota de historia bibliográfica ej.1:
504 ## - NOTA DE BIBLIOGRAFÍA, ETC.
Nota de bibliografía, etc. Incluye bibliografía
650 ## - PUNTO DE ACCESO ADICIONAL DE MATERIA--TÉRMINO DE MATERIA
Término de materia o nombre geográfico como elemento de entrada 1. Conservación de la vida silvestre - México 2. Animales de regiones áridas
9 (RLIN) 183163
700 ## - PUNTO DE ACCESO ADICIONAL--NOMBRE DE PERSONA
Nombre de persona I. Sánchez, Óscar, ed. II. Vázquez Domínguez, Ella,Ì
9 (RLIN) 183164
901 ## - ELEMENTOS DE DATOS A LOCAL LDA (RLIN)
a 591.972 D57
902 ## - ELEMENTOS DE DATOS B LOCAL, LDB (RLIN)
a M
905 ## - ELEMENTOS DE DATOS E LOCAL, LDE (RLIN)
a 0000001999 mx n 0000000000spa00
942 ## - ELEMENTOS DE PUNTO DE ACCESO ADICIONAL (KOHA)
Tipo de ítem Koha Libro_
Holdings
Estado de retiro Estado de pérdida Fuente del sistema de clasificación o colocación Estado dañado No para préstamo Código de colección Localización permanente Ubicación/localización actual Ubicación en estantería Fecha de adquisición Total de préstamos Código de barras Fecha visto por última vez Número de copia Precio válido a partir de Tipo de ítem Koha
    Dewey Decimal Classification     General Zootecnia Zootecnia   08/11/2011   z_2081 02/06/2022 1 02/06/2022 Libro